|
|
|
|
| LEADER |
00749nam a2200205 a 4500 |
| 001 |
194348 |
| 008 |
090730s1998 bg 000 1 eng d |
| 010 |
|
|
|a 98908748
|
| 020 |
|
|
|a 9840514342
|
| 040 |
|
|
|a DLC
|c DLC
|
| 082 |
0 |
4 |
|a 828.83
|2 21
|
| 100 |
1 |
|
|a Rahmāna, Kājī Phajalura.
|
| 245 |
1 |
4 |
|a The image in the mirror and other stories /
|c Kaji Fazlur Rahman.
|
| 260 |
|
|
|a Dhaka :
|b University Press,
|c 1998.
|
| 300 |
|
|
|a 69 p. ;
|c 22 cm.
|
| 541 |
1 |
|
|e 00008357
|
| 650 |
|
0 |
|a English literature
|x short stories.
|
| 852 |
4 |
|
|a Ayesha Abed Library
|j General Shelf.
|
| 999 |
|
|
|c 3128
|d 3128
|
| 952 |
|
|
|0 0
|1 0
|2 ddc
|4 0
|6 828_830000000000000_RAH
|7 0
|9 2833
|a BRACUL
|b BRACUL
|c GEN
|d 2009-08-30
|g 150.00
|l 5
|m 25
|o 828.83 RAH
|p 3010008357
|r 2019-09-29
|s 2019-09-22
|t 1
|w 2009-08-30
|y BK
|